ロード中...
Novalistinte silpasala/
| 第一著者: | |
|---|---|
| フォーマット: | Printed Book |
| 言語: | English |
| 出版事項: |
Kottayam:
National Book Stall,
1970.
|
| 主題: |
| LEADER | 00546 a2200157 4500 | ||
|---|---|---|---|
| 008 | 150103s9999 000 0 eng | ||
| 082 | |a 810 | ||
| 100 | |a Jayachandran,T N | ||
| 245 | |a Novalistinte silpasala/ | ||
| 260 | |a Kottayam: |b National Book Stall, |c 1970. | ||
| 300 | |a 261 p.; | ||
| 505 | |a Interviews-Malayalam Literature | ||
| 650 | |a Literary Studies | ||
| 942 | |c BK | ||
| 999 | |c 306775 |d 306775 | ||
| 952 | |0 0 |1 0 |2 ddc |4 0 |6 M_810_000000000000000_JAY_NO |7 0 |9 351922 |a DRA |b DRA |c ST1 |d 2012-12-06 |i 2584 |l 0 |o M 810 JAY/NO |p DRA2584 |r 2019-01-03 |v 18.50 |w 2019-01-03 |y BK | ||